Yeats and politics in the 1930s /

Bibliographic Details
Main Author: Stanfield, Paul Scott, 1954-
Format: Book
Language:English
Published: New York : St. Martin's Press, 1988.
Subjects:

MARC

Tag First Indicator Second Indicator Subfields
LEADER 00000cam a2200000 a 4500
001 in00000035039
005 20151007055247.0
008 870507s1988 nyu b 00110 eng
010 |a  87014356  
020 |a 0312009143 
035 |a (OCoLC)15858304 
035 |9 AAB7720AM 
040 |a DLC  |c DLC  |d TXA  |d UtOrBLW 
043 |a e-ie---  |a e-uk-ni 
049 |a TXAM  |c [A11505735] 
050 0 0 |a PR5908.P6  |b S73 1988 
082 0 |a 821/.8  |2 19 
100 1 |a Stanfield, Paul Scott,  |d 1954- 
245 1 0 |a Yeats and politics in the 1930s /  |c Paul Scott Stanfield. 
264 1 |a New York :  |b St. Martin's Press,  |c 1988. 
300 |a x, 227 pages ;  |c 23 cm. 
336 |a text  |b txt  |2 rdacontent 
337 |a unmediated  |b n  |2 rdamedia 
338 |a volume  |b nc  |2 rdacarrier 
504 |a Bibliography: pages 217-223. 
500 |a Includes index. 
600 1 0 |a Yeats, W. B.  |q (William Butler),  |d 1865-1939  |x Political and social views. 
650 0 |a Politics and literature  |z Ireland. 
651 0 |a Ireland  |x Politics and government  |y 1922-1949. 
999 |a MARS 
999 f f |s f75ba6f5-bbd2-304e-aaaf-7e25167ec99d  |i e2f81f41-970f-385e-ba0b-e435bf69b48e  |t 0 
952 f f |p normal  |a Texas A&M University  |b College Station  |c Sterling C. Evans Library  |d Evans: Library Stacks  |t 0  |e PR5908.P6 S73 1988  |h Library of Congress classification  |i unmediated -- volume  |m A14811505735 
998 f f |a PR5908.P6 S73 1988  |t 0  |l Evans: Library Stacks